<?xml version="1.0" encoding="UTF-8"?>
<collection xmlns="http://www.loc.gov/MARC21/slim">
 <record>
  <leader>     na                 </leader>
  <controlfield tag="001">INLIS000000000692696</controlfield>
  <controlfield tag="005">20200706123131</controlfield>
  <datafield tag="035" ind1=" " ind2=" ">
   <subfield code="a">0010-0720000045</subfield>
  </datafield>
  <controlfield tag="007">ta</controlfield>
  <controlfield tag="008">200706                           0 ind  </controlfield>
  <datafield tag="040" ind1=" " ind2=" ">
   <subfield code="a">JIPUBAY</subfield>
  </datafield>
  <datafield tag="100" ind1=" " ind2=" ">
   <subfield code="a">Wiwin Indiarti</subfield>
  </datafield>
  <datafield tag="245" ind1="1" ind2=" ">
   <subfield code="a">Lontar Yusup Banyuwangi / Teks pegon - Transliterasi - Terjemahan :</subfield>
   <subfield code="b">Kisah insan pilihan Tuhan dalam untaian tembang /</subfield>
   <subfield code="c">Wiwin Indiarti</subfield>
  </datafield>
  <datafield tag="250" ind1=" " ind2=" ">
   <subfield code="a">Cet. II</subfield>
  </datafield>
  <datafield tag="300" ind1=" " ind2=" ">
   <subfield code="a">xvi + 365 hlm. :</subfield>
   <subfield code="b">ilust. ;</subfield>
   <subfield code="c">25 cm.</subfield>
  </datafield>
  <datafield tag="020" ind1=" " ind2=" ">
   <subfield code="a">978-602-574-34-4</subfield>
  </datafield>
  <datafield tag="082" ind1=" " ind2=" ">
   <subfield code="2">[23]</subfield>
   <subfield code="a">094.598 28</subfield>
  </datafield>
  <datafield tag="084" ind1=" " ind2=" ">
   <subfield code="a">094.598 28 WIW l</subfield>
  </datafield>
  <datafield tag="260" ind1=" " ind2=" ">
   <subfield code="a">Jakarta :</subfield>
   <subfield code="b">Elmatera,</subfield>
   <subfield code="c">2019</subfield>
  </datafield>
  <datafield tag="650" ind1=" " ind2="4">
   <subfield code="a">Naskah Kuno</subfield>
  </datafield>
  <datafield tag="850" ind1=" " ind2=" ">
   <subfield code="a">JIPUBAY</subfield>
  </datafield>
  <datafield tag="990" ind1=" " ind2=" ">
   <subfield code="a">00501653/DPKBWI/2020</subfield>
  </datafield>
  <datafield tag="990" ind1=" " ind2=" ">
   <subfield code="a">00501652/DPKBWI/2020</subfield>
  </datafield>
 </record>
</collection>
